| 000 -LEADER |
| fixed length control field |
nam a22 a 4500 |
| 003 - CONTROL NUMBER IDENTIFIER |
| control field |
AKMAL |
| 005 - DATE AND TIME OF LATEST TRANSACTION |
| control field |
20170727153201.0 |
| 008 - FIXED-LENGTH DATA ELEMENTS--GENERAL INFORMATION |
| fixed length control field |
170727s2017 my e l o000 0 may d |
| 020 ## - INTERNATIONAL STANDARD BOOK NUMBER |
| International Standard Book Number |
9789677014269 |
| Terms of availability |
RM42.00 |
| 082 04 - DEWEY DECIMAL CLASSIFICATION NUMBER |
| Classification number |
340.09595 MAL |
| Edition number |
23 |
| 090 00 - LOCALLY ASSIGNED LC-TYPE CALL NUMBER (OCLC); LOCAL CALL NUMBER (RLIN) |
| Classification number (OCLC) (R) ; Classification number, CALL (RLIN) (NR) |
340.09595 |
| Local cutter number (OCLC) ; Book number/undivided call number, CALL (RLIN) |
MAL |
| 110 1# - MAIN ENTRY--CORPORATE NAME |
| Corporate name or jurisdiction name as entry element |
Malaysia |
| 9 (RLIN) |
400 |
| 245 10 - TITLE STATEMENT |
| Title |
UNDANG-UNDANG UMUM JILID DUA ; |
| Number of part/section of a work |
PERLEMBAGAAN PERSEKUTUAN BAHAGIAN III, IV, & VI ; AKTA PENCEN 1980 PERATURAN-PERATURAN PENCEN 1980 ; AKTA KUMPULAN WANG SIMPANAN PEKERJA 1991 KAEDAH-KAEDAH KWSP 1991 PERATURAN-PERATURAN KWSP 2001 ; [Semua Pindaan Hingga 1 Januari 2017] / |
| Statement of responsibility, etc. |
Disusun semula oleh : Penasihat Undang-Undang MDC |
| 246 08 - VARYING FORM OF TITLE |
| Title proper/short title |
UNDANG-UNDANG UMUM. |
| Number of part/section of a work |
JILID DUA |
| 250 ## - EDITION STATEMENT |
| Edition statement |
Cetakan Keduapuluhdua 2017 |
| 264 #1 - PRODUCTION, PUBLICATION, DISTRIBUTION, MANUFACTURE, AND COPYRIGHT NOTICE |
| Place of production, publication, distribution, manufacture |
Kuala Lumpur : |
| Name of producer, publisher, distributor, manufacturer |
MDC PUBLISHERS SDN BHD, |
| Date of production, publication, distribution, manufacture, or copyright notice |
2017 |
| 300 ## - PHYSICAL DESCRIPTION |
| Extent |
404 pages ; |
| Dimensions |
27 cm |
| 490 1# - SERIES STATEMENT |
| Series statement |
UNDANG-UNDANG MALAYSIA |
| 650 10 - SUBJECT ADDED ENTRY--TOPICAL TERM |
| Topical term or geographic name entry element |
Constitutional law |
| Geographic subdivision |
Malaysia |
| 9 (RLIN) |
437 |
| 650 20 - SUBJECT ADDED ENTRY--TOPICAL TERM |
| Topical term or geographic name entry element |
Pensions |
| General subdivision |
Law and legislation |
| Geographic subdivision |
Malaysia |
| 9 (RLIN) |
438 |
| 650 20 - SUBJECT ADDED ENTRY--TOPICAL TERM |
| Topical term or geographic name entry element |
Employees' deposits |
| General subdivision |
Law and legislation |
| Geographic subdivision |
Malaysia |
| 9 (RLIN) |
439 |
| 710 2# - ADDED ENTRY--CORPORATE NAME |
| Corporate name or jurisdiction name as entry element |
Penasihat Undang-Undang MDC, |
| Relator term |
compiler. |
| 9 (RLIN) |
405 |
| 830 #0 - SERIES ADDED ENTRY--UNIFORM TITLE |
| Uniform title |
UNDANG-UNDANG MALAYSIA |
| 9 (RLIN) |
8992 |
| 942 ## - ADDED ENTRY ELEMENTS (KOHA) |
| Source of classification or shelving scheme |
|
| Koha item type |
Book |
| 950 ## - LOCAL HOLDINGS (RLIN) |
| Permanent shelving location, LOC (RLIN) |
AKMAL |